000 00607nam a2200229 a 4500
001 6766
003 CO-ViMGA
008 141112s2004 ck r 000 u spa d
020 _a958936201x
040 _aCO-ViMGA
_bspa
_cCO-ViMGA
082 0 4 _a371.81 T454
100 1 _aArias G. Martha l.
_95689
245 1 0 _aLa timidez y la agresividad en la escuela
250 _a3a
260 _a(Santafé de Bogotá) :
_bFES,
_c1992
300 _a183 P : IL
490 _aAlegría de enseñar
650 1 4 _aACTITUDES ESCOLARES
_95690
650 1 4 _aAGRESIVIDAD
_95691
650 1 4 _aTIMIDEZ
_95692
942 _2ddc
_cBK
999 _c18735
_d18735